แสดงรายละเอียดบรรณานุกรม
  กลับหน้าหลัก

Brief Record : Get Marc (ISO 2709) : E-mail record : QR code ปิดหน้าต่าง
E-books : เกี่ยวกับ Collections
LEADER 00000nam 2200000uu 4500
001    212250
003     ULIBM
008    020711s2560 th a 000 0 tha d
020    9786167788425
041    ^atha
050  4 ฺBQ5020 อ231 2560
245    อนุสรณ์ คณะอนัมนิกายแห่งประเทศไทยได้รับพระบรมราชานุญาตให้บำเพ็ญกุศลทักษิณานุปทาน (กงเต๊ก) ถวายพระบรมศพ พระบาทสมเด็จพระปรมินทรมหาภูมิพลอดุลยเดช มหิตลาธิเบศรามาธิบดี จักรีนฤบดินทร สยามินทราธิราช บรมนาถบพิตร ณ พระที่นั่งดุสิตมหาปราสาทในพระบรมมหาราชวัง วันอังคารที่ 21 มีนาคม พุทธศักราช 2560/^cคณะสงฆ์อนัมนิกายแห่งประเทศไทย
246 30 ^aคณะอนัมนิกายแห่งประเทศไทยได้รับพระบรมราชานุญาตให้บำเพ็ญกุศลทักษิณานุปทาน (กงเต๊ก) ถวายพระบรมศพ พระบาทสมเด็จพระปรมินทรมหาภูมิพลอดุลยเดช มหิตลาธิเบศรามาธิบดี จักรีนฤบดินทร สยามินทราธิราช บรมนาถบพิตร ณ พระที่นั่งดุสิตมหาปราสาทในพระบรมมหาราชวัง วันอังคารที่ 21 มีนาคม พุทธศักราช 2560
250    พิมพ์ครั้งที่ 1
260    กรุงเทพฯ :^bบริษัทอมรินทร์พริ้นติ้งแอนด์พับลิชชิ่ง จำกัด (มหาชน),^c2560
300    239 หน้า^bภาพประกอบ;^c26 ซม.
650  4 กงเต๊ก
650  4 ^aพิธีศพ^xพุทธศาสนา
999    ^aใช้งานได้ทุกระบบ
รายการนี้ยังไม่มีแท็ก
คุณยังไม่ได้ล็อกอิน คุณสามารถมีกิจกรรมร่วมกับเว็บไซต์ได้ แต่ต้องล็อกอินก่อน ::
  ล็อกอิน
ลำดับที่ ประเภท เลขเรียก สถานที่ สถานะ
1. หนังสือทั่วไป
หนังสือทั่วไป
ฺBQ5020 อ231 2560 ฉ.1 
  
หนังสือทั่วไป On Shelf
  ขอยืม
   [แสดง 1/1 รายการ]

BibComment


ยังไม่เคยถูกคอมเมนท์

คอมเมนท์ทรัพยากรรายการนี้
  คอมเมนท์: อนุสรณ์ คณะอนัมนิ..
Bib 212250

 
 
 

 Union Library Management : ULibM
Copyright 2026. All Rights Reserved.
скачать бесплатно без регистрации порно красивый секс HD Sex Hindi sex

xxx gou

xxxx

bfxxx

xxxwww

Секса Видео

xxxx

Секса Видео

detube

geilexxx

C99 Shell

worms shell

blod xxx video
Ebony Coed Rihanna Rimes Takes A Dick In Her Young Twat priyaa indian fuck anal and pusssy hardcore indian women xxx desi hardcore fucking part 1 bengalixxxcouple